Cez pohyb financií

Viceprezident Všeobecnej úverovej banky Ing. Dušan Paulík o priaznivom trende rastu aktivít a obchodnej politike VÚB. Riadenie procesu výnosovosti.

Na minha lista:
Detalhes bibliográficos
Autor principal: Paulík, D.
Outros Autores: Herzogová, Emília
Formato: Capítulo de Livro
Idioma:eslovaco
Assuntos:
Tags: Adicionar Tag
Sem tags, seja o primeiro a adicionar uma tag!

MARC

LEADER 00000naa a2200000 4500
001 r022475
005 20230801104540.6
041 0 |a slo 
044 |a SK 
245 1 0 |a Cez pohyb financií  |c D. Paulík, Emília Herzogová 
520 |a Viceprezident Všeobecnej úverovej banky Ing. Dušan Paulík o priaznivom trende rastu aktivít a obchodnej politike VÚB. Riadenie procesu výnosovosti. 
610 2 0 |a Slovensko 
610 2 0 |a 1996 
610 2 0 |a banky obchodné 
610 2 0 |a VÚB, a.s. Bratislava 
610 2 0 |a politika podniková 
100 1 |a Paulík, D. 
700 1 |a Herzogová, Emília